[Event "Bahn-SC Wuppertal 1 - Herforder SV Köni"]
[Site "NRW-Klasse, Gruppe 2 2014/201"]
[Date "2014.12.14"]
[Round "4.1"]
[White "Nordsieck, Thomas"]
[Black "Savchenko, Vyacheslav"]
[Result "1-0"]
[WhiteElo "2276"]
[BlackElo "2347"]
[PlyCount "57"]
[EventDate "2014.??.??"]
[WhiteTeam "Herforder SV Königsspringer 1"]
[BlackTeam "Bahn-SC Wuppertal 1"]

1. e4 e5 2. d4 exd4 3. Qxd4 Nc6 4. Qe3 g6 5. Nc3 Bg7 6. Bd2 Nf6 7. O-O-O O-O 8.
h4 Re8 9. h5 d5 10. hxg6 hxg6 11. Qg3 d4 12. Bg5 Bd7 13. Bxf6 Bxf6 14. Nd5 Rxe4
15. Bd3 Rg4 16. Qh2 Bg7 17. Nf3 Rc8 18. Rde1 Be6 19. Nf4 Bxa2 20. Nxg6 Rxg6 21.
Qh7+ Kf8 22. Bxg6 fxg6 23. b3 Qf6 24. Rh3 d3 25. Ne5 Nxe5 26. Rxe5 Qxe5 27.
Rf3+ Bf6 28. Qh6+ Kg8 29. Qxg6+ 1-0

[Event "Bahn-SC Wuppertal 1 - Herforder SV Köni"]
[Site "NRW-Klasse, Gruppe 2 2014/201"]
[Date "2014.12.14"]
[Round "4.2"]
[White "Khanukov, Boris"]
[Black "Wolf, Andre"]
[Result "1/2-1/2"]
[WhiteElo "2200"]
[BlackElo "2143"]
[PlyCount "78"]
[EventDate "2014.??.??"]
[WhiteTeam "Bahn-SC Wuppertal 1"]
[BlackTeam "Herforder SV Königsspringer 1"]

1. d4 d5 2. c4 c6 3. Nf3 e6 4. Qc2 dxc4 5. Qxc4 b5 6. Qb3 Bb7 7. Nc3 Nd7 8. Bg5
Qb6 9. e3 a6 10. a4 b4 11. a5 Qa7 12. Na4 Ngf6 13. Be2 h6 14. Bf4 Rc8 15. O-O
Be7 16. Ne5 c5 17. Nxd7 Nxd7 18. dxc5 Nxc5 19. Qxb4 Nd3 20. Qb6 Qxb6 21. axb6
Nxf4 22. exf4 Bd6 23. Nc3 Rc6 24. Bxa6 Rxb6 25. Bxb7 Rxb7 26. Ra8+ Bb8 27. Rb1
Ke7 28. g3 Rc8 29. Raa1 g5 30. fxg5 hxg5 31. Ne4 g4 32. b3 Rc2 33. b4 Rc4 34.
Nc5 Rbxb4 35. Rxb4 Rxb4 36. Na6 Rb5 37. Nxb8 Rxb8 38. Ra7+ Kf6 39. Ra4 Kg5
1/2-1/2

[Event "Bahn-SC Wuppertal 1 - Herforder SV Köni"]
[Site "NRW-Klasse, Gruppe 2 2014/201"]
[Date "2014.12.14"]
[Round "4.3"]
[White "Pieper-Emden, Carsten"]
[Black "Savchenko, Aleksij"]
[Result "1/2-1/2"]
[WhiteElo "2164"]
[BlackElo "2191"]
[Annotator "Hausrath,Daniel"]
[PlyCount "69"]
[EventDate "2014.??.??"]
[WhiteTeam "Herforder SV Königsspringer 1"]
[BlackTeam "Bahn-SC Wuppertal 1"]

1. d4 Nf6 2. Nf3 g6 3. c4 Bg7 4. Nc3 d6 5. e4 O-O 6. Be3 Nbd7 7. h3 e5 8. d5
Nc5 9. Qc2 a5 10. g4 Ne8 11. Rg1 Kh8 12. O-O-O f5 13. Be2 $11 Nxe4 14. Nxe4
fxe4 15. Nd2 Nf6 16. Nxe4 Nxe4 17. Qxe4 Qh4 18. f3 b6 19. Rdf1 Bd7 20. Kd1 Rab8
21. b3 b5 22. g5 Qxe4 23. fxe4 bxc4 24. Bxc4 Bxh3 25. Rxf8+ Bxf8 26. a4 Bd7 27.
Bd2 Ra8 28. Kc2 Be7 29. Be2 c6 30. Bc4 Rc8 31. Kd3 cxd5 32. Bxd5 Bd8 33. Rf1
Bb6 34. Rf7 Bh3 35. Rf3 1/2-1/2

[Event "Bahn-SC Wuppertal 1 - Herforder SV Köni"]
[Site "NRW-Klasse, Gruppe 2 2014/201"]
[Date "2014.12.14"]
[Round "4.4"]
[White "Tueckmantel, Rene"]
[Black "Loemker, Michael"]
[Result "1/2-1/2"]
[WhiteElo "2107"]
[BlackElo "2092"]
[PlyCount "66"]
[EventDate "2014.??.??"]
[WhiteTeam "Bahn-SC Wuppertal 1"]
[BlackTeam "Herforder SV Königsspringer 1"]

1. c4 g6 2. g3 Bg7 3. Bg2 d6 4. Nc3 e5 5. e4 Nc6 6. Nge2 Nf6 7. O-O O-O 8. d3
Nd4 9. Nxd4 exd4 10. Ne2 c5 11. b4 cxb4 12. Bb2 Nd7 13. Bxd4 Bxd4 14. Nxd4 Ne5
15. h3 Bd7 16. Rb1 a5 17. Kh2 Qb6 18. Ne2 f5 19. Qb3 a4 20. Qxb4 Qxb4 21. Rxb4
Nxd3 22. Rxb7 Bc6 23. Rb6 Rac8 24. exf5 Bxg2 25. Kxg2 Rxc4 26. Rxd6 Rc2 27. Nd4
Rd2 28. f6 Nc5 29. Re1 Rxa2 30. Nc6 a3 31. Re7 Rc2 32. Ne5 Rxf2+ 33. Kxf2 Ne4+
1/2-1/2

[Event "Bahn-SC Wuppertal 1 - Herforder SV Köni"]
[Site "NRW-Klasse, Gruppe 2 2014/201"]
[Date "2014.12.14"]
[Round "4.5"]
[White "Quelle, Helmut"]
[Black "Werbeck, Torsten"]
[Result "1/2-1/2"]
[WhiteElo "2070"]
[BlackElo "2098"]
[PlyCount "30"]
[EventDate "2014.??.??"]
[WhiteTeam "Herforder SV Königsspringer 1"]
[BlackTeam "Bahn-SC Wuppertal 1"]

1. Nf3 Nf6 2. g3 c5 3. Bg2 g6 4. c4 Bg7 5. O-O O-O 6. Nc3 Nc6 7. d4 cxd4 8.
Nxd4 Nxd4 9. Qxd4 d6 10. Qd3 Qa5 11. Nd5 Nxd5 12. cxd5 Bf5 13. e4 Bd7 14. Qe3
Rac8 15. Bd2 Qa6 1/2-1/2

[Event "Bahn-SC Wuppertal 1 - Herforder SV Köni"]
[Site "NRW-Klasse, Gruppe 2 2014/201"]
[Date "2014.12.14"]
[Round "4.6"]
[White "Bogorad, Michail"]
[Black "Bentel, Robin"]
[Result "1-0"]
[WhiteElo "2020"]
[BlackElo "2144"]
[PlyCount "129"]
[EventDate "2014.??.??"]
[WhiteTeam "Bahn-SC Wuppertal 1"]
[BlackTeam "Herforder SV Königsspringer 1"]

1. e4 e5 2. Nf3 Nc6 3. Bb5 a6 4. Bxc6 dxc6 5. O-O f6 6. Nxe5 fxe5 7. Qh5+ Ke7
8. Qxe5+ Be6 9. b3 Kd7 10. d4 Qf6 11. Bf4 Bd6 12. Qxf6 gxf6 13. Be3 Rd8 14. c4
Kc8 15. Nc3 h5 16. c5 Be7 17. Rfd1 f5 18. d5 cxd5 19. exd5 Bf7 20. Rac1 Bf6 21.
d6 Bxc3 22. Rxc3 Rd7 23. Bf4 Ne7 24. Rcd3 Ng6 25. Bg5 Re8 26. h3 Re5 27. b4 f4
28. h4 Re4 29. a3 Rc4 30. Rd4 Rxd4 31. Rxd4 cxd6 32. cxd6 Be6 33. Bxf4 Nxf4 34.
Rxf4 Rxd6 35. f3 b5 36. g4 hxg4 37. fxg4 Rd3 38. Kh2 Rxa3 39. h5 Rc3 40. h6 Rc7
41. g5 Rh7 42. Kg3 Kd7 43. Kh4 Kd6 44. Kh5 Ke5 45. Rf8 Rc7 46. g6 Rc1 47. h7
Rh1+ 48. Kg5 Rg1+ 49. Kh6 Rh1+ 50. Kg7 Bf5 51. h8=Q Rxh8 52. Rxh8 Kd4 53. Rh4+
Kc3 54. Kf6 Bb1 55. g7 Ba2 56. Ke7 Bd5 57. Kf8 Kb3 58. g8=Q Bxg8 59. Kxg8 Ka4
60. Kf7 a5 61. bxa5+ Kxa5 62. Ke6 b4 63. Kd5 Kb5 64. Kd4 Ka4 65. Kc5 1-0

[Event "Bahn-SC Wuppertal 1 - Herforder SV Köni"]
[Site "NRW-Klasse, Gruppe 2 2014/201"]
[Date "2014.12.14"]
[Round "4.7"]
[White "Heuermann, Heinz-Burkhard"]
[Black "Peters, Ortwin"]
[Result "1-0"]
[WhiteElo "1967"]
[BlackElo "1961"]
[Annotator "Hausrath,Daniel"]
[PlyCount "121"]
[EventDate "2014.??.??"]
[WhiteTeam "Herforder SV Königsspringer 1"]
[BlackTeam "Bahn-SC Wuppertal 1"]

1. Nf3 Nf6 2. g3 g6 3. c4 Bg7 4. Nc3 c5 5. Bg2 Nc6 6. d4 cxd4 7. Nxd4 O-O 8.
O-O Nxd4 9. Qxd4 d6 10. Rd1 Ng4 11. Qd2 Qb6 12. e3 Ne5 13. Nd5 Qd8 14. Qe2 Bg4
15. f3 Be6 16. Rb1 Rc8 17. b3 b6 18. e4 Qd7 19. Nf4 Rc7 20. Be3 Re8 21. Rbc1
Qc8 22. h3 Nc6 23. Kh2 Bd7 24. Qd2 Rb7 25. h4 Ne5 26. Nd3 Nxd3 27. Qxd3 Be6 28.
Rf1 Rc7 29. f4 Bg4 30. Rf2 f5 $11 31. Rd2 h5 32. e5 dxe5 33. fxe5 Kh7 34. Bf4
b5 35. Qd5 Rc5 36. Qd7 Bxe5 37. Be3 Rc7 38. Qxb5 Bg7 39. Rcc2 e5 40. Rd6 Re6
41. Rcd2 Rxd6 42. Rxd6 Qf8 43. Qd5 Rc8 44. Qe6 Qe8 45. Qxe8 Rxe8 46. c5 f4 47.
gxf4 Bh6 48. Ra6 Bxf4+ 49. Bxf4 exf4 50. Rxa7+ Kh6 51. Rf7 Bf5 52. Bf3 Re3 53.
Kg2 Rc3 54. Rxf5 gxf5 55. c6 Kg6 56. b4 Kf6 57. b5 Ke7 58. b6 Rc2+ 59. Kf1 Rb2
60. c7 Kd7 61. Bb7 1-0

[Event "Bahn-SC Wuppertal 1 - Herforder SV Köni"]
[Site "NRW-Klasse, Gruppe 2 2014/201"]
[Date "2014.12.14"]
[Round "4.8"]
[White "Bashilin, Roman"]
[Black "Kirnos, Evgeni"]
[Result "1/2-1/2"]
[WhiteElo "2211"]
[BlackElo "2153"]
[PlyCount "37"]
[EventDate "2014.??.??"]
[WhiteTeam "Bahn-SC Wuppertal 1"]
[BlackTeam "Herforder SV Königsspringer 1"]

1. d4 d5 2. Nf3 Nf6 3. e3 c6 4. Bd3 Bg4 5. Nbd2 Nbd7 6. c4 e6 7. O-O Be7 8. b3
O-O 9. Bb2 Re8 10. Qc2 Bh5 11. Ne5 Nf8 12. f4 Rc8 13. c5 N6d7 14. Nxd7 Qxd7 15.
b4 Bg6 16. Nf3 Bxd3 17. Qxd3 Qc7 18. Ne5 f6 19. Nf3 1/2-1/2

[Event "DJK Aufwärts Aachen 2 - Gütersloher SV "]
[Site "NRW-Klasse, Gruppe 2 2014/201"]
[Date "2014.12.14"]
[Round "4.1"]
[White "Grochtmann, Stephan"]
[Black "Roeder, Matthias"]
[Result "1-0"]
[WhiteElo "2084"]
[BlackElo "2403"]
[PlyCount "83"]
[EventDate "2014.??.??"]
[WhiteTeam "Gütersloher SV 1"]
[BlackTeam "DJK Aufwärts Aachen 2"]

1. e4 c5 2. d4 cxd4 3. c3 Nf6 4. e5 Nd5 5. Nf3 d6 6. Qxd4 e6 7. exd6 a6 8. Bd3
Nc6 9. Qe4 Nf6 10. Qe2 Bxd6 11. Bg5 h6 12. Bxf6 Qxf6 13. Nbd2 Bc7 14. O-O-O Bd7
15. Kb1 O-O-O 16. Ne4 Qf4 17. Nc5 Bb6 18. Nxd7 Rxd7 19. Be4 Rc7 20. g3 Qg4 21.
h3 Qh5 22. g4 Qc5 23. Bxc6 Qxc6 24. Ne5 Qb5 25. c4 Qe8 26. Qe4 Bxf2 27. Rd6 Bg3
28. Rxa6 Kb8 29. Rb6 Bxe5 30. Qxe5 f6 31. Qe4 Rc6 32. Rb5 Qd7 33. a4 Rd8 34.
Ka2 Kc7 35. Rc1 Qd4 36. Qe1 Qd2 37. Qg3+ e5 38. Qb3 b6 39. Rc3 Qe1 40. c5 Rd1
41. cxb6+ Kd6 42. Rd3+ 1-0

[Event "DJK Aufwärts Aachen 2 - Gütersloher SV "]
[Site "NRW-Klasse, Gruppe 2 2014/201"]
[Date "2014.12.14"]
[Round "4.2"]
[White "Braun, Christian"]
[Black "Ebert, Manuel"]
[Result "1-0"]
[WhiteElo "2397"]
[BlackElo "2124"]
[Annotator "Hausrath,Daniel"]
[PlyCount "165"]
[EventDate "2014.??.??"]
[WhiteTeam "DJK Aufwärts Aachen 2"]
[BlackTeam "Gütersloher SV 1"]

1. e4 c5 2. Nf3 e6 3. d3 d6 4. g3 Nf6 5. Bg2 Nc6 6. O-O Be7 7. Re1 O-O 8. c3
Bd7 9. Nbd2 Rc8 10. a4 a6 11. Nf1 b5 12. axb5 axb5 13. Bf4 Qb6 14. N1d2 Rfd8
15. Qe2 h6 16. h3 Bf8 17. g4 e5 18. Bg3 Be6 19. Nf1 c4 20. Ne3 cxd3 21. Qxd3 d5
22. Nxe5 Nxe4 23. Nxd5 Rxd5 24. Qxe4 Bd6 25. Nxc6 Qxc6 26. Qe3 Bc5 27. Qe2 Qb6
28. Bxd5 Bxd5 29. Kh2 Bb7 30. f3 b4 31. Kg2 h5 32. g5 Qg6 33. h4 bxc3 34. bxc3
Bb6 35. c4 Bd4 36. Rac1 Qf5 37. Rb1 Bc6 38. Rb8 Rxb8 39. Bxb8 Bd7 40. Rh1 Be6
41. Bd6 Ba7 42. Qe4 Qxe4 43. fxe4 Bxc4 44. g6 Bd4 45. Rc1 Be6 46. gxf7+ Kxf7
47. Rc7+ Kg6 48. Kg3 Bf6 49. Rb7 Bc3 50. Kf4 Kf6 51. Be7+ Kg6 52. Ba3 Bf6 53.
Bb2 Bxh4 54. Rxg7+ Kh6 55. Rb7 Bf2 56. Kf3 Bg1 57. Kg3 h4+ 58. Kg2 Be3 59. Bc1
Bxc1 60. Rb6 Kg5 61. Rxe6 Kf4 62. Kh3 Bb2 63. Kxh4 Be5 64. Re8 Kxe4 65. Kg4 Kd5
$11 66. Kf5 Bd6 67. Rd8 Kc6 68. Ke6 Bc7 69. Rc8 Kb7 70. Kd7 Bb8 71. Rc1 Ka8 72.
Kc6 Ba7 73. Ra1 Kb8 74. Rh1 Ka8 75. Rb1 Bb8 76. Kb6 Ba7+ 77. Ka6 Bb8 78. Rb7
Bf4 79. Ra7+ Kb8 80. Rf7 Bd6 81. Kb6 Ka8 82. Ra7+ Kb8 83. Rd7 1-0

[Event "DJK Aufwärts Aachen 2 - Gütersloher SV "]
[Site "NRW-Klasse, Gruppe 2 2014/201"]
[Date "2014.12.14"]
[Round "4.3"]
[White "Plaßmann, Dominik"]
[Black "Skulener, Wladimir"]
[Result "0-1"]
[WhiteElo "1999"]
[BlackElo "2282"]
[PlyCount "70"]
[EventDate "2014.??.??"]
[WhiteTeam "Gütersloher SV 1"]
[BlackTeam "DJK Aufwärts Aachen 2"]

1. e4 Nf6 2. e5 Nd5 3. c4 Nb6 4. d4 d6 5. exd6 cxd6 6. Nc3 g6 7. Be3 Bg7 8. Rc1
O-O 9. b3 Bf5 10. Nf3 d5 11. c5 Nc8 12. Be2 Nc6 13. O-O Bg4 14. b4 a6 15. Qa4
Ra7 16. Qb3 e6 17. b5 axb5 18. Nxb5 Ra8 19. Rfd1 Qd7 20. Bf4 N8e7 21. Nd6 Bxf3
22. Bxf3 Nxd4 23. Qxb7 Qxb7 24. Nxb7 Rxa2 25. Bd6 Re8 26. Bxe7 Rxe7 27. Nd6 h5
28. h3 Nb3 29. c6 Nxc1 30. Rxc1 Ra1 31. Rxa1 Bxa1 32. Nb5 Be5 33. Kf1 Re8 34.
Be2 Rc8 35. Na7 Ra8 0-1

[Event "DJK Aufwärts Aachen 2 - Gütersloher SV "]
[Site "NRW-Klasse, Gruppe 2 2014/201"]
[Date "2014.12.14"]
[Round "4.4"]
[White "Buscher, Michael"]
[Black "Hanhoerster, Stephan"]
[Result "1-0"]
[WhiteElo "2317"]
[BlackElo "2081"]
[PlyCount "73"]
[EventDate "2014.??.??"]
[WhiteTeam "DJK Aufwärts Aachen 2"]
[BlackTeam "Gütersloher SV 1"]

1. c4 e5 2. Nc3 Bb4 3. Qc2 Nf6 4. e3 O-O 5. Nf3 Re8 6. a3 Bxc3 7. Qxc3 d5 8. d3
d4 9. Qc2 c5 10. e4 Bg4 11. Be2 Nc6 12. O-O Nh5 13. h3 Bd7 14. Re1 Nf4 15. Bf1
f5 16. exf5 Bxf5 17. Bxf4 exf4 18. Rxe8+ Qxe8 19. Qd2 Qb8 20. b4 b6 21. Re1 Qd6
22. b5 Ne7 23. Re5 Rf8 24. Qe1 Ng6 25. Re8 Rxe8 26. Qxe8+ Qf8 27. Qc6 Qe7 28.
Qd5+ Qf7 29. Qa8+ Nf8 30. Qb8 Bg6 31. Ne5 Qe8 32. Qc7 Bh5 33. Nc6 Ng6 34. Qxa7
Qe1 35. Qb8+ Nf8 36. Qxf4 Ne6 37. Ne7+ 1-0

[Event "DJK Aufwärts Aachen 2 - Gütersloher SV "]
[Site "NRW-Klasse, Gruppe 2 2014/201"]
[Date "2014.12.14"]
[Round "4.5"]
[White "Janyska, Dennis"]
[Black "Marcziter, Dmitrii"]
[Result "1/2-1/2"]
[WhiteElo "1989"]
[BlackElo "2179"]
[Annotator "Hausrath,Daniel"]
[PlyCount "112"]
[EventDate "2014.??.??"]
[WhiteTeam "Gütersloher SV 1"]
[BlackTeam "DJK Aufwärts Aachen 2"]

1. d4 d5 2. Nf3 c5 3. dxc5 Nc6 4. e4 e6 5. exd5 exd5 6. Be2 Bxc5 7. O-O Nge7 8.
Nbd2 O-O 9. Nb3 Bb6 10. Nbd4 Nf5 11. c3 a6 12. Bf4 Nfxd4 13. Nxd4 Be6 14. Qd2
Qd7 15. Rfe1 Nxd4 16. cxd4 Qa4 17. Red1 Rac8 18. b3 Qa3 19. Qd3 Qb2 20. Bf3 Rc3
21. Rab1 Rxd3 22. Rxb2 Rxd1+ 23. Bxd1 Bxd4 24. Rc2 Rc8 25. Kf1 Kf8 26. Rxc8+
Bxc8 27. Bc2 h6 28. Ke2 Ke7 29. Be3 Be5 30. f4 Bb2 31. Bc5+ Ke6 32. g4 Kf6 33.
h3 Bd7 34. Ke3 Bc1+ 35. Kf3 Bb2 36. Ke3 g5 37. fxg5+ hxg5 38. Bd4+ Bxd4+ 39.
Kxd4 Be6 40. Bd1 Ke7 41. Bf3 Kd6 42. b4 b6 43. Be2 a5 44. bxa5 bxa5 45. Bd3 $11
Bd7 46. Be2 f6 47. Bd3 Ba4 48. Be2 Bd7 49. Bd3 Bc8 50. Be2 f5 51. Bf3 Be6 52.
Bd1 f4 53. Bf3 Bf7 54. Bg2 Bg8 55. Bf3 Be6 56. Bg2 Bf7 1/2-1/2

[Event "SF Katernberg 2 - SF Neuenkirchen 1"]
[Site "NRW-Klasse, Gruppe 2 2014/201"]
[Date "2014.12.14"]
[Round "4.1"]
[White "Wilde, Pierre"]
[Black "Rosen, Bernd"]
[Result "1/2-1/2"]
[WhiteElo "2233"]
[BlackElo "2277"]
[PlyCount "29"]
[EventDate "2014.??.??"]
[WhiteTeam "SF Neuenkirchen 1"]
[BlackTeam "SF Katernberg 2"]

1. c4 e5 2. g3 c6 3. d4 e4 4. Nc3 d5 5. h4 Nf6 6. Bg5 dxc4 7. e3 b5 8. Bg2 Bb4
9. Bxf6 Qxf6 10. Bxe4 Bf5 11. Qf3 Bxe4 12. Qxe4+ Qe7 13. Qf3 O-O 14. Nge2 Bxc3+
15. Nxc3 1/2-1/2

[Event "SF Katernberg 2 - SF Neuenkirchen 1"]
[Site "NRW-Klasse, Gruppe 2 2014/201"]
[Date "2014.12.14"]
[Round "4.2"]
[White "Bee, Marcus"]
[Black "Beckmann, Klaus"]
[Result "1/2-1/2"]
[WhiteElo "2212"]
[BlackElo "2210"]
[PlyCount "115"]
[EventDate "2014.??.??"]
[WhiteTeam "SF Katernberg 2"]
[BlackTeam "SF Neuenkirchen 1"]

1. g3 d5 2. Nf3 c6 3. c4 g6 4. Bg2 Bg7 5. O-O Nh6 6. cxd5 cxd5 7. d4 O-O 8.
Bxh6 Bxh6 9. Nc3 e6 10. e3 Nc6 11. Rc1 Bg7 12. Na4 Qe7 13. Qd2 Rd8 14. Rfd1 Bd7
15. Nc5 Be8 16. a3 b6 17. Nb3 a5 18. Bf1 a4 19. Bb5 Ne5 20. dxe5 Bxb5 21. Nbd4
Be8 22. Nc6 Bxc6 23. Rxc6 Rab8 24. Rdc1 h6 25. Qc2 b5 26. Rc7 Qe8 27. Qc6 g5
28. h3 d4 29. Qxe8+ Rxe8 30. exd4 b4 31. axb4 Rxb4 32. R1c4 Reb8 33. Rc8+ Rxc8
34. Rxb4 a3 35. bxa3 Rc3 36. Kg2 Rxa3 37. Rb7 Rd3 38. Rb8+ Kh7 39. Rd8 Kg6 40.
g4 Rd1 41. Rd7 Rd3 42. Rb7 Ra3 43. Rb4 Ra5 44. Rb3 Rd5 45. Kg3 Rd7 46. Rd3 f6
47. exf6 Bxf6 48. Re3 Bxd4 49. Rxe6+ Kg7 50. Re2 Bf6 51. Kg2 Rd3 52. Nd2 Rd5
53. Nf1 Kg6 54. Ng3 Re5 55. Ra2 Re6 56. Rc2 Ra6 57. Re2 Rc6 58. Ra2 1/2-1/2

[Event "SF Katernberg 2 - SF Neuenkirchen 1"]
[Site "NRW-Klasse, Gruppe 2 2014/201"]
[Date "2014.12.14"]
[Round "4.3"]
[White "Hachmeister, Dirk"]
[Black "Wessendorf, Thomas"]
[Result "0-1"]
[WhiteElo "2171"]
[BlackElo "2198"]
[PlyCount "88"]
[EventDate "2014.??.??"]
[WhiteTeam "SF Neuenkirchen 1"]
[BlackTeam "SF Katernberg 2"]

1. d4 g6 2. Nf3 Bg7 3. c3 d6 4. e4 Nf6 5. Nbd2 O-O 6. Be2 c5 7. dxc5 dxc5 8.
O-O b6 9. Re1 Bb7 10. Qc2 Qc7 11. Bf1 Nbd7 12. a4 a6 13. h3 Nh5 14. Nc4 Bc6 15.
g3 b5 16. axb5 axb5 17. Rxa8 Rxa8 18. Ncd2 Qb7 19. Bg2 e5 20. Nh2 c4 21. b3
cxb3 22. Nxb3 Bf8 23. Be3 Ra4 24. g4 Ng7 25. f3 Ne6 26. Qd2 Nb6 27. Bf2 Nc4 28.
Qd1 Ra2 29. Nf1 Nf4 30. Nc1 Ra1 31. Kh2 Ba3 32. Qd8+ Bf8 33. Nb3 Ne6 34. Qd3
Ra2 35. Kg1 Rb2 36. Rb1 Nf4 37. Qd1 Ne2+ 38. Kh2 Nxc3 39. Qe1 Nxb1 40. Nc5 Qa8
41. Nd3 Qa2 42. Nxb2 Qxb2 43. Bg1 Nc3 44. Qh4 Ne2 0-1

[Event "SF Katernberg 2 - SF Neuenkirchen 1"]
[Site "NRW-Klasse, Gruppe 2 2014/201"]
[Date "2014.12.14"]
[Round "4.4"]
[White "Gassmann, Volker"]
[Black "Buendgen, Achim"]
[Result "1-0"]
[WhiteElo "2159"]
[BlackElo "2166"]
[PlyCount "109"]
[EventDate "2014.??.??"]
[WhiteTeam "SF Katernberg 2"]
[BlackTeam "SF Neuenkirchen 1"]

1. Nf3 g6 2. e4 c6 3. c4 Bg7 4. d4 d5 5. e5 Be6 6. Ng5 Bc8 7. cxd5 cxd5 8. Nc3
f6 9. Nf3 Nc6 10. Bb5 Bg4 11. Bf4 Nh6 12. exf6 exf6 13. h3 Bxf3 14. Qxf3 O-O
15. O-O-O Nf5 16. Qxd5+ Qxd5 17. Nxd5 Nfxd4 18. Ne7+ Nxe7 19. Rxd4 Rac8+ 20.
Kb1 Rfd8 21. Rhd1 Rxd4 22. Rxd4 Bf8 23. Bc4+ Kg7 24. Bb3 g5 25. Bh2 Ng6 26.
Rd7+ Kh6 27. Bg8 Ne7 28. Be6 Rc6 29. Bb3 Ng6 30. Bd5 Rb6 31. Bg3 Ba3 32. Rxb7
Rxb7 33. Bxb7 Bc5 34. Be4 Ne7 35. f4 f5 36. fxg5+ Kxg5 37. Bf3 f4 38. Be1 h5
39. b4 Be3 40. Kc2 Ng6 41. Kd3 Ne5+ 42. Ke4 Nc4 43. Kd5 Na3 44. Be4 Kf6 45.
Bc3+ Ke7 46. Bb2 Nb5 47. Bf3 h4 48. a4 Nc7+ 49. Kc4 Ne6 50. Bg4 Bd2 51. b5 Ba5
52. Bxe6 Kxe6 53. Bd4 Bb6 54. Bxb6 axb6 55. Kb4 1-0

[Event "SF Katernberg 2 - SF Neuenkirchen 1"]
[Site "NRW-Klasse, Gruppe 2 2014/201"]
[Date "2014.12.14"]
[Round "4.5"]
[White "Haves, Reinhard"]
[Black "Villwock, Martin"]
[Result "1-0"]
[WhiteElo "2124"]
[BlackElo "2171"]
[PlyCount "51"]
[EventDate "2014.??.??"]
[WhiteTeam "SF Neuenkirchen 1"]
[BlackTeam "SF Katernberg 2"]

1. Nf3 Nf6 2. d4 c5 3. g3 cxd4 4. Nxd4 d5 5. Bg2 e5 6. Nf3 Nc6 7. O-O Be7 8. c4
d4 9. e3 O-O 10. exd4 exd4 11. Re1 Re8 12. Bf4 Bf5 13. Ne5 Qb6 14. Nxc6 bxc6
15. Qb3 Bb4 16. Rf1 Re2 17. a3 Ba5 18. Qxb6 axb6 19. Bxc6 Rc8 20. Bb7 Rxb2 21.
Bxc8 Bxc8 22. Rd1 Re2 23. Be3 b5 24. Bxd4 Ne4 25. Nc3 Nxc3 26. Bxc3 1-0

[Event "SF Katernberg 2 - SF Neuenkirchen 1"]
[Site "NRW-Klasse, Gruppe 2 2014/201"]
[Date "2014.12.14"]
[Round "4.6"]
[White "Kaeding, Rainer"]
[Black "Seegers, Hendrik"]
[Result "1-0"]
[WhiteElo "2129"]
[BlackElo "2131"]
[PlyCount "61"]
[EventDate "2014.??.??"]
[WhiteTeam "SF Katernberg 2"]
[BlackTeam "SF Neuenkirchen 1"]

1. e4 d5 2. exd5 Nf6 3. Bb5+ Bd7 4. Be2 Nxd5 5. d4 e6 6. c4 Nf6 7. Nc3 c5 8. d5
exd5 9. cxd5 Bd6 10. Bg5 O-O 11. Nf3 Re8 12. O-O a6 13. a4 h6 14. Bh4 Bf5 15.
Re1 Nbd7 16. Qd2 Qc7 17. Bg3 Ne4 18. Nxe4 Bxe4 19. a5 Nf6 20. Bc4 Bxg3 21. hxg3
Red8 22. d6 Qxd6 23. Qc3 Bxf3 24. Qxf3 Qc7 25. Qf5 Rd4 26. b3 Re8 27. Rxe8+
Nxe8 28. Rc1 Nd6 29. Qe5 Qxa5 30. Bd5 Qc7 31. Qxd4 1-0

[Event "SF Katernberg 2 - SF Neuenkirchen 1"]
[Site "NRW-Klasse, Gruppe 2 2014/201"]
[Date "2014.12.14"]
[Round "4.7"]
[White "Rieke, Theo"]
[Black "Stratmann, Holger"]
[Result "1-0"]
[WhiteElo "1984"]
[BlackElo "1980"]
[PlyCount "57"]
[EventDate "2014.??.??"]
[WhiteTeam "SF Neuenkirchen 1"]
[BlackTeam "SF Katernberg 2"]

1. c4 c6 2. d4 f5 3. Nf3 Nf6 4. g3 g6 5. Bg2 Bg7 6. O-O O-O 7. Nc3 d6 8. b3 e5
9. dxe5 dxe5 10. Ba3 Qxd1 11. Raxd1 Re8 12. e4 fxe4 13. Ng5 Bg4 14. Rde1 Nbd7
15. Ngxe4 Nxe4 16. Nxe4 Bf5 17. Rd1 Bxe4 18. Rxd7 Bxg2 19. Kxg2 e4 20. Be7 b6
21. Re1 Bd4 22. Rxe4 c5 23. f4 a6 24. Kf3 Bc3 25. g4 a5 26. a4 Bg7 27. f5 gxf5
28. gxf5 Bf8 29. Rg4+ 1-0

[Event "SF Katernberg 2 - SF Neuenkirchen 1"]
[Site "NRW-Klasse, Gruppe 2 2014/201"]
[Date "2014.12.14"]
[Round "4.8"]
[White "Schriewer, Thomas"]
[Black "Beckmann, Klaus"]
[Result "1/2-1/2"]
[WhiteElo "2012"]
[BlackElo "2079"]
[Annotator "Hausrath,Daniel"]
[PlyCount "105"]
[EventDate "2014.??.??"]
[WhiteTeam "SF Katernberg 2"]
[BlackTeam "SF Neuenkirchen 1"]

1. d4 Nf6 2. c4 e6 3. Nf3 d5 4. Nc3 Bb4 5. cxd5 exd5 6. Bg5 Nbd7 7. e3 c5 8.
dxc5 Qa5 9. Bxf6 Nxf6 10. Nd2 Bxc3 11. bxc3 O-O 12. Be2 Qxc5 $11 13. Rc1 Be6
14. O-O Rac8 15. Qa4 a6 16. Nb3 Qe7 17. Nd4 Ne4 18. Qb4 Rc7 19. Qxe7 Rxe7 20.
c4 dxc4 21. Nxe6 Rxe6 22. Bxc4 Rd6 23. Rfd1 g6 24. Rxd6 Nxd6 25. Bd5 Re8 26.
Rc7 Re5 27. Bxb7 Ra5 28. h3 Nxb7 29. Rxb7 Rxa2 30. g4 h6 31. Kg2 a5 32. Ra7 Kg7
33. Ra6 Kf8 34. Ra7 Kg7 35. Ra6 Kf8 36. h4 Ke7 37. h5 gxh5 38. gxh5 f6 39. Kf3
a4 40. Kg3 Ra1 41. Kg2 a3 42. Kf3 Rh1 43. Rxa3 Rxh5 44. Ra7+ Ke6 45. e4 Rh4 46.
Ra6+ Kf7 47. Ra5 Kg6 48. Ra6 Kf7 49. Ke3 Rh1 50. Kf4 Rh4+ 51. Kf5 Rh5+ 52. Kg4
Rg5+ 53. Kh3 1/2-1/2

[Event "SV Castrop-Rauxel 1 - SK Münster 1"]
[Site "NRW-Klasse, Gruppe 2 2014/201"]
[Date "2014.12.14"]
[Round "4.1"]
[White "Webb, Laurence"]
[Black "Kartsev, Soel"]
[Result "1-0"]
[WhiteElo "2237"]
[BlackElo "2208"]
[PlyCount "135"]
[EventDate "2014.??.??"]
[WhiteTeam "SK Münster 1"]
[BlackTeam "SV Castrop-Rauxel 1"]

1. e4 c5 2. Nf3 d6 3. c3 Nf6 4. Bd3 e5 5. Bc2 Nc6 6. O-O Bg4 7. d3 Be7 8. Nbd2
d5 9. h3 Bh5 10. Ba4 O-O 11. g4 dxe4 12. dxe4 Nxg4 13. hxg4 Bxg4 14. Nc4 Qc8
15. Bxc6 bxc6 16. Ne3 Rd8 17. Qe2 Rd6 18. Rd1 Rf6 19. Nf5 Rxf5 20. exf5 Qxf5
21. Re1 Bxf3 22. Qxe5 Qh3 23. Qh2 Qg4+ 24. Qg3 Qh5 25. Qh2 Qg6+ 26. Qg3 Qh5 27.
Qh2 Qxh2+ 28. Kxh2 Bd6+ 29. Kh3 h5 30. Bg5 f6 31. Bh4 c4 32. Bg3 Bc5 33. b4
cxb3 34. axb3 g5 35. b4 Bb6 36. c4 Bd4 37. Ra3 Bg4+ 38. Kg2 c5 39. b5 h4 40. f3
Bc8 41. Bd6 g4 42. Re8+ Kf7 43. Re7+ Kg6 44. fxg4 Bxg4 45. Raxa7 Rd8 46. Bc7
Rg8 47. b6 Kf5 48. Re1 Be2+ 49. Kh2 Bxc4 50. b7 Bf2 51. Rb1 Bg3+ 52. Bxg3 hxg3+
53. Kg1 Rb8 54. Ra8 Rxb7 55. Rxb7 Bd5 56. Rbb8 Bxa8 57. Rxa8 Ke4 58. Rg8 c4 59.
Rxg3 f5 60. Kf2 f4 61. Rf3 Ke5 62. Ke2 Ke4 63. Rh3 Kd4 64. Rh8 Ke4 65. Rh4 c3
66. Rh3 Kd4 67. Rd3+ Kc4 68. Rf3 1-0

[Event "SV Castrop-Rauxel 1 - SK Münster 1"]
[Site "NRW-Klasse, Gruppe 2 2014/201"]
[Date "2014.12.14"]
[Round "4.2"]
[White "Kartsev, Alexandr"]
[Black "Chilla, Jan Eric"]
[Result "1-0"]
[WhiteElo "2170"]
[BlackElo "2214"]
[PlyCount "85"]
[EventDate "2014.??.??"]
[WhiteTeam "SV Castrop-Rauxel 1"]
[BlackTeam "SK Münster 1"]

1. e4 c5 2. c3 d6 3. d4 Nf6 4. f3 d5 5. dxc5 Nc6 6. Bb5 dxe4 7. Qxd8+ Kxd8 8.
Nd2 e5 9. b4 Bd7 10. Nxe4 Nxe4 11. fxe4 a5 12. Nf3 axb4 13. Bxc6 Bxc6 14. Nxe5
Bxc5 15. Nxf7+ Ke7 16. Nxh8 bxc3 17. a4 b5 18. Rf1 b4 19. Rf7+ Ke6 20. Rc7 Ra6
21. Nf7 Be7 22. Ng5+ Bxg5 23. Bxg5 b3 24. Rd1 Bxe4 25. Rxc3 b2 26. Rb3 b1=Q 27.
Rdxb1 Bxb1 28. Rxb1 Rxa4 29. Bd2 h5 30. Rb5 g6 31. Ke2 Ra2 32. h3 Kf6 33. Ra5
Rb2 34. Kd3 Rb1 35. Bc3+ Ke6 36. Re5+ Kf7 37. Re1 Rb6 38. Rf1+ Ke7 39. Ke4 Re6+
40. Be5 Ra6 41. Ra1 Rb6 42. Ra7+ Ke6 43. Rg7 1-0